ARRUPE JESUIT UNIVERSITY

CORONAVIRUS -STOP THE SPREAD - CLEAN,DISINFECT,COVER

The Portuguese and the tropics; (Record no. 127385)

MARC details
000 -LEADER
fixed length control field 01315cam a2200289 4500
001 - CONTROL NUMBER
control field 2205497
003 - CONTROL NUMBER IDENTIFIER
control field ARRUPE
005 - DATE AND TIME OF LATEST TRANSACTION
control field 20180112123109.0
008 - FIXED-LENGTH DATA ELEMENTS--GENERAL INFORMATION
fixed length control field 700921s1961 po 000 0 eng
010 ## - LIBRARY OF CONGRESS CONTROL NUMBER
LC control number 74016561
040 ## - CATALOGING SOURCE
Original cataloging agency DLC
Transcribing agency DLC
Modifying agency DLC
041 1# - LANGUAGE CODE
Language code of text/sound track or separate title engpor
043 ## - GEOGRAPHIC AREA CODE
Geographic area code e-po---
050 00 - LIBRARY OF CONGRESS CALL NUMBER
Classification number JV4235
Item number .F6813
082 00 - DEWEY DECIMAL CLASSIFICATION NUMBER
Classification number 301.29/469
300 ## - PHYSICAL DESCRIPTION
Dimensions 25 cm.
100 1# - MAIN ENTRY--PERSONAL NAME
Personal name Freyre, Gilberto,
Dates associated with a name 1900-1987.
9 (RLIN) 38459
245 14 - TITLE STATEMENT
Title The Portuguese and the tropics;
Remainder of title suggestions inspired by the Portuguese methods of integrating autocthonous peoples and cultures differing from the European in a new, or Luso-tropical, complex of civilisation.
Statement of responsibility, etc Translated by Helen M. D'O. Matthew and F. de Mello Moser.
260 ## - PUBLICATION, DISTRIBUTION, ETC. (IMPRINT)
Place of publication, distribution, etc Lisbon,
Name of publisher, distributor, etc Executive Committee for the Commemoration of the Vth Centenary of the Death of Prince Henry the Navigator,
Date of publication, distribution, etc 1961.
300 ## - PHYSICAL DESCRIPTION
Extent xi, 296 p.
500 ## - GENERAL NOTE
General note At head of title: International Congress of the History of the Discoveries.
500 ## - GENERAL NOTE
General note Translation of O Luso e o trĂ³pico.
650 #0 - SUBJECT ADDED ENTRY--TOPICAL TERM
Topical term or geographic name as entry element Acculturation.
9 (RLIN) 36517
651 #0 - SUBJECT ADDED ENTRY--GEOGRAPHIC NAME
Geographic name Portugal
General subdivision Colonies
-- Civilization.
9 (RLIN) 38460
711 2# - ADDED ENTRY--MEETING NAME
Meeting name or jurisdiction name as entry element International Congress of the History of the Discoveries
Date of meeting (1960 :
Location of meeting Lisbon, Portugal)
9 (RLIN) 38461
906 ## - LOCAL DATA ELEMENT F, LDF (RLIN)
a 7
b cbc
c orignew
d 2
e ncip
f 19
g y-gencatlg
942 ## - ADDED ENTRY ELEMENTS (KOHA)
Source of classification or shelving scheme Library of Congress Classification
Koha item type Monograph ( Printed materials)
Holdings
Withdrawn status Lost status Source of classification or shelving scheme Damaged status Not for loan Collection code Home library Current library Shelving location Date acquired Total Checkouts Full call number Barcode Date last seen Price effective from Koha item type
    Library of Congress Classification     Main Collection ARRUPE LIBRARY ARRUPE LIBRARY Main Collection 12/01/2018   JV4235 .F6813 46600001178 21/06/2018 12/01/2018 Monograph ( Printed materials)

 

Arrupe Library. PO Box MP320 Mt Pleasant, Harare, Zimbabwe
263 242 745411|librarian@aju.ac.zw